Pananaliksik - Wika at Panitikan : (Record no. 78972)

MARC details
000 -LEADER
fixed length control field 01154nam a2200301Ia 4500
003 - CONTROL NUMBER IDENTIFIER
control field URS
005 - DATE AND TIME OF LATEST TRANSACTION
control field 20260212091747.0
008 - FIXED-LENGTH DATA ELEMENTS--GENERAL INFORMATION
fixed length control field 240418s99992021ph 000 0 und d
020 ## - INTERNATIONAL STANDARD BOOK NUMBER
International Standard Book Number 9786214510184
040 ## - CATALOGING SOURCE
Language of cataloging Tagalog
Transcribing agency URS
Description conventions rda
050 ## - LIBRARY OF CONGRESS CALL NUMBER
Classification number PL6054
Item number .D377 2021
082 ## - DEWEY DECIMAL CLASSIFICATION NUMBER
Classification number 499.2883421
Item number D3777 2021
100 ## - MAIN ENTRY--PERSONAL NAME
Personal name De Leon, Elmer B.,
Relator term author.
245 #0 - TITLE STATEMENT
Title Pananaliksik - Wika at Panitikan :
Remainder of title (Isang komprehensibong gabay sa pag-unawa tungo sa masusing produksyon, presentasyon, diseminasyon, pablikasyon at utilisasyon) /
Statement of responsibility, etc Elmer B. De Leon, and Teresita V. Abuan.
264 ## - PUBLICATION, DISTRIBUTION, ETC. (IMPRINT)
Place of publication, distribution, etc Philippines :
Name of publisher, distributor, etc Lorimar Publishing Inc.,
Date of publication, distribution, etc ©2021.
300 ## - PHYSICAL DESCRIPTION
Extent xx, 232 pages ;
Dimensions 25 cm.
336 ## - CONTENT TYPE
Content type term text
Content type code txt
Source rdacontent
337 ## - MEDIA TYPE
Media type term unmediated
Media type code n
Source rdamedia
338 ## - CARRIER TYPE
Carrier type term volume
Carrier type code nc
Source rdacarrier
504 ## - BIBLIOGRAPHY, ETC. NOTE
Bibliography, etc Includes bibliographical references (pages 229-230)
650 ## - SUBJECT ADDED ENTRY--TOPICAL TERM
Topical term or geographic name as entry element Filipino language-Grammar
650 ## - SUBJECT ADDED ENTRY--TOPICAL TERM
Topical term or geographic name as entry element Research
General subdivision Methodology
650 ## - SUBJECT ADDED ENTRY--TOPICAL TERM
Topical term or geographic name as entry element Philippine
General subdivision Study and teaching
650 ## - SUBJECT ADDED ENTRY--TOPICAL TERM
Topical term or geographic name as entry element Filipino Language
General subdivision Study and teaching
650 ## - SUBJECT ADDED ENTRY--TOPICAL TERM
Topical term or geographic name as entry element Communication of technical information
700 ## - ADDED ENTRY--PERSONAL NAME
Relator code author
Personal name Abuan, Teresita V.
942 ## - ADDED ENTRY ELEMENTS (KOHA)
Koha item type Filipiniana
Source of classification or shelving scheme Dewey Decimal Classification
Holdings
Withdrawn status Lost status Source of classification or shelving scheme Damaged status Not for loan Collection code Home library Current library Shelving location Date acquired Source of acquisition Total Checkouts Full call number Barcode Date last seen Copy number Koha item type Price effective from
    Dewey Decimal Classification       Pililla College Library Pililla College Library Filipiniana Section 05/22/2024     499.2883421 D3777 2021 URSPIL-6872 05/22/2024 1 Reserved Books 05/22/2024
    Dewey Decimal Classification       Pililla College Library Pililla College Library Filipiniana Section 05/22/2024     499.2883421 D3777 2021 URSPIL-6873 05/22/2024 2 Reserved Books 05/22/2024
    Dewey Decimal Classification       Pililla College Library Pililla College Library Filipiniana Section 05/22/2024     499.2883421 D3777 2021 URSPIL-6874 05/22/2024 3 Reserved Books 05/22/2024
    Dewey Decimal Classification       Pililla College Library Pililla College Library Filipiniana Section 05/22/2024     499.2883421 D3777 2021 URSPIL-7145 05/22/2024 4 Reserved Books 05/22/2024
    Library of Congress Classification     Non-fiction Taytay College Library Taytay College Library Filipiniana Section 10/23/2022 Donation   PL6054 .D377 2021 URSTAY-5255 06/02/2025 1 Filipiniana  
    Library of Congress Classification     Non-fiction Taytay College Library Taytay College Library Filipiniana Section 02/16/2023 Purchased   PL6054 .D377 2021 URSTAY-5332 02/12/2026 3 Filipiniana  
    Library of Congress Classification     Non-fiction Taytay College Library Taytay College Library Filipiniana Section 02/16/2023 Purchased   PL6054 .D377 2021 URSTAY-5256 02/12/2026 2 Filipiniana  

University of Rizal System
Email us at univlibservices@urs.edu.ph

Visit our Website www.urs.edu.ph/library